00370 a2200145 4500260001100000100001900011260003000030245010000060300001000160650001500170260000900185300001000194130000800204651001200212 aLondon aGILLETT, J. B. bRoyal Botanic Gardens Kew aIndigofera (microcharis) in tropical africa with the related genera cyamopsis and ryhnchotropis a165p. aindigofera c1958 b24 cm lEn. aafrique